LEADER 01329nam a2200313 a 4500 001 000000129200 003 CaOOAMICUS 005 20120606121401.0 008 120606s2003 it u000 u ita r 020 $a978-88-15-13194-2 040 $aPUL$bita 041 1 $aita$hfre 082 04$a909.07 100 1 $aFlori, Jean.$0(OLS)http://pul/name/33875 240 10$aGuerre sainte.$lItaliano.$0(OLS)http://pul/title/163267 245 13$aLa guerra santa :$bla formazione dell'idea di crociata nell'Occidente cristiano /$cJean Flori. 260 $aBologna :$bIl Mulino,$cİ2003. 300 $a441 p. ;$c22 cm 490 1 $aStorica paperbacks ;$v55 650 4$aCrociate$xStoria.$0(OLS)http://pul/subject/933 830 0$aStorica paperbacks (Il Mulino) ;$v55.$0(OLS)http://pul/title/156807 850 $aPUL 852 $aPUL$W1$xSL Cons. Gen., Altre Classi 3$y75$m909. 07 FLOJE 2$j149608$qDDC 21$B148132$CPULBib$Z2$F148132 $H120037 $82 941 1 $a9 996 $6020$a978-88-15-13194-2$9(OLS)http://pul/number/149926 996 $6082$a909.07$9(OLS)http://pul/classification/618 996 $6245$aLa guerra santa :$bla formazione dell'idea di crociata nell'Occidente cristiano$9(OLS)http://pul/title/163265 996 $6260$aBologna :$bIl Mulino$9(OLS)http://pul/publisher/47928 LEADER 00972naa a2200217 u 4500 001 000000094002 003 CaOOAMICUS 005 20070226130136.0 008 010724s1987 fr u000 u eng u 035 $a10898335 040 $aPUL(R)$bita 100 1 $aSoltysinski, Stanislaw,$d1939-$0(OLS)http://pul/name/60454 245 10$aChoice of law and choice of forum in transactional transfer of technology transactions /$cby Stanislaw Soltysinski. 260 $a[S. l. :$bs. n.],$c1987. 300 $aP. [234-383] 504 $aBibliografia in nota. 650 4$aDiritto commerciale internazionale.$0(OLS)http://pul/subject/25158 773 0 $tRecueil des cours$gv.I (1986) 773 0 $tRecueil des cours 1986 : collected courses of The Hague Academy of International Law$w()60475 996 $6245$aChoice of law and choice of forum in transactional transfer of technology transactions$9(OLS)http://pul/title/120859 996 $6260$a[S. l. :$bs. n.]$9(OLS)http://pul/publisher/47882